| 000 | 00732nam a2200217Ia 4500 | ||
|---|---|---|---|
| 003 | GCL | ||
| 008 | 140319s9999 xx 000 0 ara d | ||
| 040 |
_aGCL / _cGCL |
||
| 082 | 0 | 4 |
_a819 _bم ل |
| 100 | 1 | _aمحمد حسنى عبدالله (تعريب وتقدي | |
| 245 | 1 | 0 |
_aاللغة الفنية / _cمحمد حسنى عبدالله (تعريب وتقدي |
| 700 | 1 | _aمورى، ميدلتون | |
| 260 |
_a[S.N] : _bدار المعارف ، _c1985 |
||
| 300 | _a156 ص | ||
| 490 |
_aمكتبة الدراسات الادبية _v0 |
||
| 650 | 0 | 4 | _aالشعر العربى |
| 650 | 0 | 4 | _aالادب العربى |
| 650 | 0 | 4 | _aالاوزان الشعرية |
| 650 | 0 | 4 | _aالبلاغة العربية |
| 942 |
_2ddc _cBK |
||
| 999 |
_c28668 _d28668 |
||